The Red Flower (Record no. 41563)
[ view plain ]
| 000 -LEADER | |
|---|---|
| fixed length control field | 002490000a22001210004500 |
| 003 - CONTROL NUMBER IDENTIFIER | |
| control field | MACL |
| 040 ## - CATALOGING SOURCE | |
| Original cataloging agency | MACL |
| 090 ## - LOCALLY ASSIGNED LC-TYPE CALL NUMBER (OCLC); LOCAL CALL NUMBER (RLIN) | |
| -- | 42007 |
| -- | 42005 |
| 100 ## - MAIN ENTRY--PERSONAL NAME | |
| Personal name | Hashmi, Safdar |
| 245 ## - TITLE STATEMENT | |
| Title | The Red Flower |
| 650 ## - SUBJECT ADDED ENTRY--TOPICAL TERM | |
| Topical term or geographic name as entry element | Childrens Book |
| 942 ## - ADDED ENTRY ELEMENTS (KOHA) | |
| Koha item type | Library Membar |
| Call number prefix | 741.642/HAS |
| Withdrawn status | Lost status | Damaged status | Not for loan | Home library | Current library | Date acquired | Total Checkouts | Full call number | Barcode | Date last seen | Uniform Resource Identifier | Price effective from | Koha item type |
|---|---|---|---|---|---|---|---|---|---|---|---|---|---|
| MACL | MACL | 15/04/2015 | 741.642/HAS BOOK | CRE4939 | 29/04/2015 | 41832 | 15/04/2015 | Books |









